00872nab a2200229uuc4500001000800000005001700008008004100025035001200066035002100078040001300099041000800112100003300120245016300153650002000316650002900336650003600365650003800401650002500439700002900464700004600493773010300539117773920250311173537.0091109e20081101 spa  a1177739 a(OCoLC)820513646 ccomduadb aspa10aMindiola, Mírley4auteaut10aÍndice de carga contaminante para los vertimientos generados durante el proceso de refinación química de oro en los talleres de joyería de Bucaramanga aMetales pesados 7aMetalurgia del oro2lemb aPropiedades físico-químicas aRefinación de metales preciosos 7aContaminantes2embne10aPedraza, Julio4auteaut10aEscalante Hernández, Humberto4auteaut0 tDYNA (Medellín)gVolumen 075, Número 156, Noviembre 2008, p. 135-146w188384x0012-7353082258